University Home | Library Home | Institutional Repository

Biochemical plant pathology / (Record no. 131791)

MARC details
000 -LEADER
fixed length control field 00893cam4a220027700 4500
001 - CONTROL NUMBER
control field lce01464702
008 - FIXED-LENGTH DATA ELEMENTS--GENERAL INFORMATION
fixed length control field 820929s1983 enka b 001 0 eng
010 ## - LIBRARY OF CONGRESS CONTROL NUMBER
LC control number 82019963
020 ## - INTERNATIONAL STANDARD BOOK NUMBER
International Standard Book Number 0471900923
035 ## - SYSTEM CONTROL NUMBER
System control number (Sirsi) r93940
035 ## - SYSTEM CONTROL NUMBER
System control number (DLC) 82019963
035 ## - SYSTEM CONTROL NUMBER
System control number (UPRA)lce01464702
040 ## - CATALOGING SOURCE
Modifying agency UPRA
050 0# - LIBRARY OF CONGRESS CALL NUMBER
Classification number SB731
Item number Bio 1983
082 0# - DEWEY DECIMAL CLASSIFICATION NUMBER
Classification number 581.2/192
Edition number 19
245 00 - TITLE STATEMENT
Title Biochemical plant pathology /
Statement of responsibility, etc. edited by J.A. Callow.
260 ## - PUBLICATION, DISTRIBUTION, ETC.
Place of publication, distribution, etc. Chichester ; New York :
-- Chichester ; New York :
Name of publisher, distributor, etc. Wiley,
Date of publication, distribution, etc. c1983.
500 ## - GENERAL NOTE
General note "A Wiley-Interscience publication."
504 ## - BIBLIOGRAPHY, ETC. NOTE
Bibliography, etc. note Includes bibliographies and indexes.
650 #0 - SUBJECT ADDED ENTRY--TOPICAL TERM
Topical term or geographic name entry element Plant diseases.
Linkage S170.1
650 #0 - SUBJECT ADDED ENTRY--TOPICAL TERM
Topical term or geographic name entry element Botanical chemistry.
Linkage S9384.1
650 #0 - SUBJECT ADDED ENTRY--TOPICAL TERM
Topical term or geographic name entry element Microbiological chemistry.
Linkage S4501.1
700 1# - ADDED ENTRY--PERSONAL NAME
Personal name Callow, J. A.
Linkage A52685.1
949 ## - LOCAL PROCESSING INFORMATION (OCLC)
a SB731
w lcc
c 2
i 33729000098082
m VETMED
t BOOK
l ON-SHELF

No items available.

© 2026 - The University of Zambia Library - Koha v25.11